Film di Hayao Miyazaki - Statistics

Statistiche generali
  • Questo quiz è stato fatto 41 volte
  • Il punteggio medio è 9 su 12
Statistiche sulle risposte
# Anno Film % Corretto
8 2001 La città incantata
100%
6 1992 Porco Rosso
97%
9 2004 Il castello errante di Howl
94%
12 2023 Il ragazzo e l'airone
94%
4 1988 Il mio vicino Totoro
89%
10 2008 Ponyo sulla scogliera
77%
2 1984 Nausicaa della Valle del vento
63%
11 2013 Si alza il vento
63%
5 1989 Kiki - Consegne a domicilio
60%
7 1997 Principessa Mononoke
57%
3 1986 Laputa - Castello nel cielo
54%
1 1979 Lupin III - Il castello di Cagliostro
43%
Nessun quiz corrispondente trovato
Distribuzione punteggi
Percentuale di utenti per punteggio
Percentile per numero di risposta
I tuoi punteggi nel tempo
Non hai fatto questo quiz